Normal view
MARC view
- China
Entry Geographic Name
001 - CONTROL NUMBER
- control field: 125602
003 - CONTROL NUMBER IDENTIFIER
- control field: NUST
005 - DATE AND TIME OF LATEST TRANSACTION
- control field: 20240902155718.0
008 - FIXED-LENGTH DATA ELEMENTS
- fixed length control field: 240902|| aca||aabn | a|a d
040 ## - CATALOGING SOURCE
- Original cataloging agency: NUST
- Transcribing agency: NUST
151 ## - HEADING--GEOGRAPHIC NAME
- Geographic name: China
- General subdivision: Social life and customs
- Chronological subdivision: 1976-2002
- Form subdivision: Pictorial works
670 ## - SOURCE DATA FOUND
- Source citation: Work cat.: (NUST)0: Brahm, Laurence J. 14258, Elements of China :, 2002.
